• 首页
  • 本馆介绍
  • 公告通知
  • 最新文献
  • 馆藏检索
  • 电子资源
  • 读者导购
  • 参考咨询
  • 我的图书馆
  • 登录
  • 详细信息显示
  • 放入我的书架
  • 预约/预借图书
  • 作者相关作品
  • 分类相关作品
  • 丛书相关作品
  • 出版社相关作品

书目信息

  • 表格格式
  • 工作单格式
  • 卡片格式
题名:
数学手稿
    
 
作者: 马克思 著 ;北京大学数学手稿编译组 编译
分册:  
出版信息: 北京   人民出版社  1975
页数: 229页
开本: 21cm
丛书名:
单 册:
中图分类: A124
科图分类:
主题词: 马恩著作--单行本--1873~1889年6月
电子资源:
ISBN:
000 00742nam0 2200241 45
001 0175004242
005 20070801115607.56
010    @dCNY0.55
091    @a1001.942
100    @a19950724d1975 em y0chiy0121 ea
101 0  @achi
102    @aCN@b110000
105    @aa z 000yy
200 10 @a数学手稿@Ashu xue shou gao@f马克思著@FMa Ke Si Zhu@g北京大学《数学手稿》编译组编译
210    @a北京@c人民出版社@d1975
215    @a229页@c摹真@d21cm
606 0  @a马恩著作@x单行本@z1873~1889年6月
690    @aA124@v3
701  0 @a马克思@4著
712 02 @a北京大学数学手稿编译组@Abei jing da xue shu xue shou gao bian yi zu@4编译
801  2 @aCN@bNLC@c20070801
801  0 @aCN@b广东省中山图书馆@c20060724
905    @dA124@e15:8100@f1@b65804
    
    数学手稿/马克思著/北京大学《数学手稿》编译组编译.-北京:人民出版社,1975
    229页:摹真;21cm
    
    
    ISBN :CNY0.55
    
●
相关链接 在E读中查询图书 在五车中查询图书 在当当中查询图书 在豆瓣中查询图书


正题名:数学手稿     索取号:A124/15:8100         预约/预借

序号 登录号 条形码 馆藏地/架位号 状态 备注
1 0065801   000946739   第一借阅区/ [索取号:A124/15:8100] 在馆    
2 0065802   001855013   密集书库/ [索取号:A124/15:8100] 在馆    
3 0065803   000946855   第一借阅区/ [索取号:A124/15:8100] 在馆    
4 0065804   001965430   第一借阅区/ [索取号:A124/15:8100] 在馆    
5 0065805   202262700   密集书库/ [索取号:A124/15:8100] 在馆    
6 0065806   000946935   第一借阅区/ [索取号:A124/15:8100] 在馆    
7 0065808   000946917   第一借阅区/ [索取号:A124/15:8100] 在馆    
8 0065809   000946775   第一借阅区/ [索取号:A124/15:8100] 在馆    
9 0065810   000946819   第一样本阅览室/ [索取号:A124/15:8100] 在馆    
10 0424862   204248625   密集书库/ [索取号:A124/15:8100] 在馆    
11 0425605   204256054   密集书库/ [索取号:A124/15:8100] 在馆    
12 0425606   204256063   密集书库/ [索取号:A124/15:8100] 在馆    
13 0425783   204257838   密集书库/ [索取号:A124/15:8100] 在馆    
14 0425964   204259649   密集书库/ [索取号:A124/15:8100] 在馆    
15 0425965   204259658   密集书库/ [索取号:A124/15:8100] 在馆    
16 0425966   204259667   密集书库/ [索取号:A124/15:8100] 在馆    
17 0790706   207907069   密集书库/ [索取号:A124/15:8100] 在馆    
唐山师范学院图书馆 欢迎您!
大连网信软件有限公司© 版权所有